|
|
|
|
| LEADER |
00844pam a22002778a 4500 |
| 001 |
00027873 |
| 005 |
20171026081022.0 |
| 008 |
111221s2004 ||||||engsd |
| 020 |
# |
# |
|a 97801943388313
|
| 041 |
0 |
# |
|a eng
|
| 082 |
1 |
4 |
|a 428
|b D207T
|
| 100 |
1 |
# |
|a Hutchins, Lisa A.
|
| 245 |
1 |
0 |
|a Developing Tactics for listening
|c Lisa A. Hutchins, Jack C. Richards
|b Text Booklet
|
| 250 |
# |
# |
|a Second Edition
|
| 260 |
# |
# |
|a Oxford
|b Oxford Univ. Press
|c 2004
|
| 300 |
# |
# |
|a 40p.
|b ill.
|c 30 m.
|e 1CD-ROM
|
| 600 |
1 |
4 |
|a Tiếng Anh
|
| 650 |
# |
4 |
|a Tiếng Anh
|x Ngữ pháp
|
| 653 |
# |
# |
|a Anh ngữ thực hành
|
| 700 |
1 |
# |
|a Richards, Jack C.
|
| 852 |
# |
# |
|b Kho đọc
|j KD.0012878
|
| 852 |
# |
# |
|j KD.0012858
|
| 910 |
|
|
|d 21/12/2011
|
| 980 |
# |
# |
|a Trung tâm Học liệu Lê Vũ Hùng, Trường Đại học Đồng Tháp
|